000 01147nam a2200325 i 4500
001 8349
003 KOSZ 005
005 20220824101118.0
008 070620s1969 pl a f 001 0 pol
015 _aPB 1969/7523
040 _aWA N
_cKOSZ 005/RW
_dKOSZ 005/RW
080 _a550.4
100 1 _aPolański, Antoni
_d(1914-2002)
_eAutor
245 1 0 _aGeochemia /
_cAntoni Polański, Kazimierz Smulikowski.
260 _aWarszawa :
_bWydawnictwa Geologiczne,
_c1969.
300 _aS. V,[1], 7-663 stron:
_bilustracje, errata ;
_c25 cm.
336 _2rdacontent
_aTekst
_btxt
337 _2rdamedia
_aBez urządzenia pośredniczącego
_bn
338 _2rdacarrier
_aWolumin
_bnc
380 _aKsiążki.
504 _aBibliografia na stronach 620-632. Indeks.
658 _aGeografia i nauki o ziemi
658 _aChemia
655 4 _aPodręcznik
650 4 _aGeochemia
700 1 _aSmulikowski, Kazimierz
_d(1900-1987)
_eAutor
710 2 _aWydawnictwa Geologiczne
_4pbl.
856 _uhttp://koha.tu.koszalin.pl/cgi-bin/koha/opac-detail.pl?biblionumber=8349
_yKatalog online BPK
942 _2UKD
_cKS
999 _c8349
_d8349